000 01050nam a2200301 a 4500
001 000047569
003 DO-SdBNP
005 20260305073952.0
008 180703s2017 dr 000 spa d
020 _a9789993439783
040 _aDO-SdBNP
_bspa
_cBNPHU
082 4 _a972.9
_bM938h
_22017
100 1 _aMoya Pons, Frank,
_d1944-
_92095
245 1 0 _aHistoria del caribe : azúcar y plantaciones en el mundo atlántico /
_cFrank Moya Pons.
250 _a3a. ed.
260 _aSanto Domingo :
_bBúho,
_c2017.
300 _a540 p. ;
_c24 cm.
500 _aIncluye índice
504 _aBibliografía : p. 435-540
590 _aInventariado,2018/DG
650 0 _aIndustria azucarera
_zCaribe (Región)
_xHistoria
_97298
650 4 _aEsclavitud
_zCaribe (Región)
_xHistoria
_913499
651 4 _aCaribe (Región)
_xHistoria
_ySiglo XIX-XX
_987401
651 4 _aRepública Dominicana
_xHistoria
_9170
651 0 _aCaribe (Región)
_xCondiciones económicas
_xHistoria
_987401
910 _aValidado. Control de calidad MFF
942 _2ddc
_cLBS1
999 _c47057
_d47057